Manpower and traning needs for air pollution control : report of the secretary of health, education, and welfare (Record no. 498883)

000 -LEADER
fixed length control field 00349cam a22000977a 4500
008 - FIXED-LENGTH DATA ELEMENTS--GENERAL INFORMATION
fixed length control field 180718b1970 xxu||||| |||| 00| 0 eng d
082 ## - DEWEY DECIMAL CLASSIFICATION NUMBER
Classification number X91x73 Un3m
245 ## - TITLE STATEMENT
Title Manpower and traning needs for air pollution control : report of the secretary of health, education, and welfare
260 ## - PUBLICATION, DISTRIBUTION, ETC.
Place of publication, distribution, etc. Washington
Name of publisher, distributor, etc. Governemnt Printing Office
Date of publication, distribution, etc. 1970
300 ## - PHYSICAL DESCRIPTION
Extent 44+p.
Holdings
Withdrawn status Lost status Damaged status Not for loan Permanent Location Current Location Date acquired Full call number Barcode Date last seen Price effective from Koha item type
        Indian Institute of Public Administration Indian Institute of Public Administration 2018-08-04 X91x73 Un3m G11402 2018-08-04 2018-08-04 G

Powered by Koha